000 00585nam a2200241Ia 4500
005 20250425160650.0
008 250425s9999 xx 000 0 und d
020 _a9684510291
041 _aspa
082 _a657.1
100 _aMEIGS, F. ROBERT
245 0 _aCONTABILIDAD : LA BASE PARA DECISIONES GERENCIALES
250 _a1A ED.
260 _aMEXICO
260 _aMéxico
_bMCGRAW-HILL
_c1992
300 _a670
650 _aCONTABILIDAD
650 _aESTADOS FINANCIEROS
650 _aINVENTARIOS
650 _aTOMA DE DECISIONES
942 _c01
010 _a1790
999 _c193704
_d193704